Logo BPK

Bibliografia Prac Pracowników

Politechniki Koszalińskiej

Modele zastępcze drgań fundamentów blokowych uwzględniające tłumienie materiałowe / (Rekord nr 2003)

Szczegóły MARC
000 -ETYKIETA REKORDU
podpole kontrolne o stałej długości 01177nam a2200253 i 4500
001 - NUMER KONTROLNY REKORDU
podpole kontrolne BPP
003 - IDENTYFIKATOR NUMERU KONTROLNEGO REKORDU
podpole kontrolne BPK
005 - DATA OSTATNIEJ MODYFIKACJI REKORDU
podpole kontrolne 20190717124549.0
008 - POLE O STAŁEJ DŁUGOŚCI - DANE KONTROLNE
podpole kontrolne o stałej długości 150313s1987 pl f |000 0 pol
040 ## - ŹRÓDŁO KATALOGOWANIA
Instytucja, która utworzyła rekord BPK
041 ## - KOD JĘZYKA
Kod języka tekstu pol
044 ## - KOD KRAJU WYDAWCY/PRODUCENTA
Kod kraju wydawcy/producenta POL
080 ## - UNIWERSALNA KLASYFIKACJA DZIESIĘTNA - UKD
UKD 624.01/.07
080 ## - UNIWERSALNA KLASYFIKACJA DZIESIĘTNA - UKD
UKD 534
100 ## - NAZWA OSOBOWA
Nazwa osobowa FILIPKOWSKI, Jan.
Lata pracy 1982 - 1996.
Instytucja Wyższa Szkoła Inżynierska w Koszalinie - Wydział Inżynierii Lądowej i Sanitarnej,
Wydział Zakład Mechaniki Budowli
245 ## - TYTUŁ/ODPOWIEDZIALNOŚĆ
Tytuł Modele zastępcze drgań fundamentów blokowych uwzględniające tłumienie materiałowe /
Pozostałe elementy strefy tytułu i oznaczenia odpowiedzialności Jan Filipkowski, Zbigniew Sienkiewicz.
260 ## - STREFA ADRESU WYDAWNICZEGO
Miejsce wydania Koszalin,
Data publikacji, dystrybucji/powstania dokumentu 1987.
500 ## - UWAGI OGÓLNE
Tekst uwagi Dane z autopsji.
520 ## - UWAGA DOTYCZĄCA TREŚCI DOKUMENTU
Analiza dokumentacyjna, adnotacja itp. W pracy omówiono zagadnienia drgań fundamentów blokowych przy współdziałaniu podłoża gruntowego. Szczególna uwaga zwrócona jest na konstruowanie modeli zastępczych dla drgań fundamentów na powierzchni gruntu oraz zagłębionych.
650 #0 - HASŁO PRZEDMIOTOWE W FORMIE NAZWY OGÓLNEJ LUB JEDNOSTKOWEJ
Nazwa ogólna lub geograficzna Fundamenty.
650 #0 - HASŁO PRZEDMIOTOWE W FORMIE NAZWY OGÓLNEJ LUB JEDNOSTKOWEJ
Nazwa ogólna lub geograficzna Drgania
700 ## - HASŁO DODATKOWE - NAZWA OSOBOWA
Nazwa osobowa SIENKIEWICZ, Zbigniew.
Lata pracy 1982 - 1996.
Instytucja Wyższa Szkoła Inżynierska w Koszalinie - Wydział Inżynierii Lądowej i Sanitarnej,
Wydział Zakład Mechaniki Budowli
942 ## - HASŁO DODATKOWE - ELEMENTY(KOHA)
Typ dokumentu Materiały nieopublikowane
Schemat klasyfikacji Uniwersalna klasyfikacja dziesiętna
Egzemplarze
Wycofany Zagubiony Uszkodzony Dostępność Lokalizacja stała Lokalizacja bieżąca Sygnatura Typ dokumentu
      Dostępny Bibliografia Prac Pracowników - BPK Bibliografia Prac Pracowników - BPK NB-207/I Materiały nieopublikowane
© 2014 Biblioteka Politechniki Koszalińskiej :: BIBLIOGRAFIA PRAC PRACOWNIKÓW